000 00580nam a2200253Ia 4500
003 OSt
005 20220912152813.0
006 a|||||r|||| 00| 0
007 ta
008 220909b |||||||| |||| 00| 0 eng d
024 _a33949
037 _cTextual
040 _aCSL
_beng
_cCSL
041 _aeng
082 _aY1, H9;3
100 _aMerton
245 0 _aSocial theory and social structure
260 _c1949
300 _ap.
_ccm.
650 _a Methodology
650 _aSociology
942 _hY1, H9;3
_cTEXL
_2CC
999 _c92346
_d92346